000 01336nam a22003737a 4500
003 CHAP
005 20220329143302.0
008 080130d2005 es a r 00110 spa d
010 _a94406
011 _a95378
020 _a8471149125
035 _a106001
040 _cCHAP
082 0 4 _a627.52
_bL68
_22000
100 0 0 _aLosada Villasante, Alberto.
_968580
245 1 3 _aEl riego
_c/por Alberto Losada Villasante
250 _a3 ed. rev. y ampl.
260 _aMadrid :
_bMundi-Prensa,
_c2000
300 _a2 v. :
_bilus.
505 _aLa biblioteca tiene : v.1 Fundamentos hidráulicos ; v.2 Fundamentos de su hidrología y de su práctica [ed. 2005]
590 _aBATCH-UPD
_b10
_c20130110
_lUCH01
_h0852
590 _aBATCH-UPD
_b10
_c20130410
_lUCH01
_h0524
590 _aBATCH-UPD
_b10
_c20130914
_lUCH01
_h1421
590 _aCONVERSION
_b10
_c20130109
_lUCH01
_h1352
650 1 4 _aFluídos.
_941896
650 1 4 _aHidráulica.
_955219
650 1 4 _aIngeniería hidráulica.
_958235
650 1 4 _aIrrigación
_xEstudio y enseñanza.
_960409
650 1 4 _aSistemas de riego.
_9106772
901 _aBK
942 _cLIBRO
949 _a627.52 L68 2000 v.1
_bBC
_cLIBRO
_d33724002050025
_eLIBRO
_gI.c/e
_h109135
_i106001
_si
_t$755.00
949 _a627.52 L68 2000 v.2
_bBC
_cLIBRO
_d33724002049959
_eLIBRO
_gI.c/e
_h109134
_i106001
_so
_t$885.00
999 _c94406
_d94406